00356nam a2200133Ia 4500003000400000005001700004008004100021040001800062041000800080100005500088110002400143245003500167260002000202OSt20230529162531.0211028s2015 xx 000 0 und d cAIMIT LIBRARY aeng aYende, Balkrishna B; D'Souza, Manibhushan.e131930 aManibhushan D'Souza aIssue management system - ISM. aMangalorec2015